Negotiations in a state of disrepair? (Record no. 104285)

MARC details
000 -LEADER
fixed length control field 00940cam a2200169 4500
001 - CONTROL NUMBER
control field L129824
008 - FIXED-LENGTH DATA ELEMENTS--GENERAL INFORMATION
fixed length control field 050526n2005 000 0 eng u
035 ## - SYSTEM CONTROL NUMBER
System control number (Sirsi) u129824
041 ## - LANGUAGE CODE
Language code of text/sound track or separate title eng
110 ## - MAIN ENTRY--CORPORATE NAME
Corporate name or jurisdiction name as entry element Royal Institution of Chartered Surveyors
Subordinate unit Dispute Resolution Service
9 (RLIN) 4720
245 ## - TITLE STATEMENT
Title Negotiations in a state of disrepair?
260 ## - PUBLICATION, DISTRIBUTION, ETC.
Place of publication, distribution, etc. Coventry
Name of publisher, distributor, etc. RICS Dispute Resolution Service
Date of publication, distribution, etc. 2005
300 ## - PHYSICAL DESCRIPTION
Extent 1 folded leaflet
Dimensions 21cm.
520 ## - SUMMARY, ETC.
Summary, etc. Advertises RICS Dispute Resolution Service' (DRS) selection and appointment service for clients requiring a trained dilapidations specialist in dilapidations' disputes. Explains why using a specialist dilapidations surveyor makes sense and guarantees that DRS will find the right expert for the case. Describes the two ways of resolving dilapidations disputes: arbitration or independent expert. Contact details.
690 ## - LOCAL SUBJECT ADDED ENTRY--TOPICAL TERM (OCLC, RLIN)
Topical term or geographic name as entry element RICS SERVICES-RICS DISPUTE RESOLUTION SERVICE
942 ## - ADDED ENTRY ELEMENTS (KOHA)
Suppress in OPAC 0
Holdings
Withdrawn status Lost status Source of classification or shelving scheme Damaged status Not for loan Home library Current library Shelving location Date acquired Total Checkouts Full call number Barcode Date last seen Copy number Price effective from Koha item type
    Dewey Decimal Classification     London London RICS Boxes 26/05/2005   RICS 2005/11 30070832 06/08/2019 1 06/08/2019 Archive
    Dewey Decimal Classification     London London RICS Boxes 26/05/2005   RICS 2005/11 30070833 06/08/2019 2 06/08/2019 Reference material